• 首页
  • 本馆介绍
  • 公告通知
  • 最新文献
  • 馆藏检索
  • 电子资源
  • 读者导购
  • 参考咨询
  • 我的图书馆
  • 登录
  • 详细信息显示
  • 放入我的书架
  • 预约/预借图书
  • 作者相关作品
  • 分类相关作品
  • 丛书相关作品
  • 出版社相关作品

书目信息

  • 表格格式
  • 工作单格式
  • 卡片格式
题名:
“两课” 思考练习题集
    
 
作者: ;唐山师范专科学校 编
分册: 上册  
出版信息: 唐山   唐山师范专科学校  1999
页数: 198页
开本: 20cm
丛书名:
单 册:
中图分类: A84
科图分类:
主题词: 毛泽东著作--学习 , 毛泽东著作研究
电子资源:
ISBN:
000 00592nam0 2200181 450
001 0758917946
005 20070620111536.34
100    @a20070619d1999 km y0chiy0120 ea
101 0  @achi
200 1  @a“两课” 思考练习题集@A“liang ke”si kao lian xi ti ji@h上册@f唐山师范专科学校编@Ftang shan shi fan zhuan ke xue xiao bian
210    @a唐山@c唐山师范专科学校@d1999
215    @a198页@d20cm
606 0  @a毛泽东著作@x学习
606 0  @a毛泽东著作研究
690    @aA84@v3
711 02 @a唐山师范专科学校@Atang shan shi fan zhuan ke xue xiao@4编
801  0 @aCN@bPFT@c20070620
905    @a10447@dA84@e107
    
    “两课” 思考练习题集.上册/唐山师范专科学校编.-唐山:唐山师范专科学校,1999
    198页;20cm
    
    
    ISBN :
    
●
相关链接 在E读中查询图书 在五车中查询图书 在当当中查询图书 在豆瓣中查询图书


正题名:"两课" 思考练习题集     索取号:A84/107         预约/预借

序号 登录号 条形码 馆藏地/架位号 状态 备注
1 0654039   206540395   第一样本阅览室/ [索取号:A84/107] 在馆    
唐山师范学院图书馆 欢迎您!
大连网信软件有限公司© 版权所有